<?xml version="1.0" encoding="UTF-8"?>
<record
    xmlns:xsi="http://www.w3.org/2001/XMLSchema-instance"
    xsi:schemaLocation="http://www.loc.gov/MARC21/slim http://www.loc.gov/standards/marcxml/schema/MARC21slim.xsd"
    xmlns="http://www.loc.gov/MARC21/slim">

  <leader>00603nam a2200193 a 4500</leader>
  <controlfield tag="001">1474</controlfield>
  <controlfield tag="003">CDMR</controlfield>
  <controlfield tag="005">20130715112047.0</controlfield>
  <controlfield tag="008">130130s1979||||||||||||||||||||||||||||d</controlfield>
  <datafield tag="020" ind1=" " ind2=" ">
    <subfield code="a">8436801172 (o.c.)</subfield>
  </datafield>
  <datafield tag="040" ind1=" " ind2=" ">
    <subfield code="a">CDMR</subfield>
    <subfield code="b">cat</subfield>
    <subfield code="c">CDMR</subfield>
  </datafield>
  <datafield tag="100" ind1="1" ind2=" ">
    <subfield code="a">Guti&#xE9;rrez Espada, Luis</subfield>
    <subfield code="9">1121</subfield>
  </datafield>
  <datafield tag="245" ind1="1" ind2="0">
    <subfield code="a">Historia de los medios audiovisuales</subfield>
  </datafield>
  <datafield tag="260" ind1=" " ind2=" ">
    <subfield code="a">Madrid</subfield>
    <subfield code="c">1979-1982</subfield>
    <subfield code="b">Pir&#xE1;mide</subfield>
  </datafield>
  <datafield tag="300" ind1=" " ind2=" ">
    <subfield code="a">3 v.</subfield>
  </datafield>
  <datafield tag="505" ind1=" " ind2=" ">
    <subfield code="a">Cont&#xE9;: 1.- (1838-1926) ; 2.- (desde 1926) : cine y fotograf&#xED;a ;  3.- (desde 1926) : radio y televisi&#xF3;n</subfield>
  </datafield>
  <datafield tag="650" ind1="0" ind2="4">
    <subfield code="9">3092</subfield>
    <subfield code="a">Ind&#xFA;stria audiovisual</subfield>
    <subfield code="x">Hist&#xF2;ria</subfield>
  </datafield>
  <datafield tag="942" ind1=" " ind2=" ">
    <subfield code="c">MON</subfield>
    <subfield code="2">udc</subfield>
  </datafield>
  <datafield tag="999" ind1=" " ind2=" ">
    <subfield code="c">1474</subfield>
    <subfield code="d">1474</subfield>
  </datafield>
  <datafield tag="952" ind1=" " ind2=" ">
    <subfield code="0">0</subfield>
    <subfield code="1">0</subfield>
    <subfield code="4">0</subfield>
    <subfield code="7">0</subfield>
    <subfield code="a">CDMR</subfield>
    <subfield code="b">CDMR</subfield>
    <subfield code="d">2013-01-16</subfield>
    <subfield code="l">0</subfield>
    <subfield code="o">EF 9/1</subfield>
    <subfield code="p">CDMR13107830B</subfield>
    <subfield code="r">2013-01-16</subfield>
    <subfield code="t">Vol. 1</subfield>
    <subfield code="w">2013-01-16</subfield>
    <subfield code="y">MON</subfield>
    <subfield code="z">1838-1926</subfield>
  </datafield>
  <datafield tag="952" ind1=" " ind2=" ">
    <subfield code="0">0</subfield>
    <subfield code="1">0</subfield>
    <subfield code="4">0</subfield>
    <subfield code="7">0</subfield>
    <subfield code="a">CDMR</subfield>
    <subfield code="b">CDMR</subfield>
    <subfield code="d">2013-01-16</subfield>
    <subfield code="l">0</subfield>
    <subfield code="o">EF 9/2</subfield>
    <subfield code="p">CDMR13107831C</subfield>
    <subfield code="r">2013-01-16</subfield>
    <subfield code="t">Vol. 2 </subfield>
    <subfield code="w">2013-01-16</subfield>
    <subfield code="y">MON</subfield>
    <subfield code="z">Desde 1926 Cine y fotograf&#xED;a</subfield>
  </datafield>
  <datafield tag="952" ind1=" " ind2=" ">
    <subfield code="0">0</subfield>
    <subfield code="1">0</subfield>
    <subfield code="4">0</subfield>
    <subfield code="7">0</subfield>
    <subfield code="a">CDMR</subfield>
    <subfield code="b">CDMR</subfield>
    <subfield code="d">2013-01-16</subfield>
    <subfield code="l">0</subfield>
    <subfield code="o">EF 9/3</subfield>
    <subfield code="p">CDMR13107832D</subfield>
    <subfield code="r">2013-01-16</subfield>
    <subfield code="t">Vol. 3</subfield>
    <subfield code="w">2013-01-16</subfield>
    <subfield code="y">MON</subfield>
    <subfield code="z">Desde 1926 Radio y televisi&#xF3;n</subfield>
  </datafield>
</record>
